000 00950nam a22001817a 4500
999 _c57816
_d57816
005 20201221135611.0
008 201221c2019 ge ||||| |||| 00| 0 geo d
022 _a24492418
041 _ageo
245 _aინოვაციური ეკონომიკა და მართვა = innovative economics and management :
_b2019 /
_cმთავ რედ. ბადრი გეჩბაია; რედ. გელა მამულაძე, პაატა აროშიძე.
260 _aბათუმი :
_bკალმოსანი,
_c2019.
300 _a53 გვ.
_b30 სმ.
653 _aეკონომიკა
700 _aგეჩბაია, ბადრი
_eმთავ რედაქტორი
_99932
700 _aმამულაძე, გელა
_eრედაქტორი
_99933
700 _aაროშიძე, პაატა
_eრედაქტორი
_94137
942 _2udc
_cCR